000 00956nas a2200313 4500
001 BR0807643
003 BR-BrBNA
005 20231205112727.0
007 ta
008 230509b bl.|||p| |||| 00| 00por d
040 _aBR-BrBNA
_bpor
_cBiblioteca Nacional de Agricultura
041 _a(Pt)
072 _aF30
100 1 _aFritsche Neto, R.
100 1 _aPereira, A. da S.
100 1 _aRaseira, M. do C.B.
100 1 _aSilva, G.O. da S.
100 1 _aSouza, V.Q. de
245 1 _aMétodo de avaliação de pólen e influência do ácido giberélico em cruzamentos de batata
650 _aBATATA
650 _aMELHORAMENTO GENÉTICO VEGETAL
650 _aSEMENTE
650 _aGENÓTIPO
650 _aREGULADOR DE CRESCIMENTO
650 _aPÓLEN
773 0 _tCiência e Agrotecnologia (Brazil)
_xISSN 1413-7054
_g(Mar-Apr 2008), v. 32(2) p. 469-473
_wBR0807643
909 _a202311
_bLúcia
_c55
_dLúcia Elande
942 _2AGRIS
_n0
_cANA
999 _c199615
_d199615